000 00444pab a2200169 454500
008 180718b2005 xxu||||| |||| 00| 0 eng d
100 _aSingh, Sultan
245 _aJIT purchasing attributes and supplier evaluation in Indian industries: a survey
260 _c2005
300 _ap.307-12.
362 _aJul-Dec
650 _aIndia - Industries
650 _aIndustry
700 _aGarg, Dixit
773 _aProductivity
909 _a71373
999 _c71373
_d71373